Developing Asean5 Bond Markets : What Still Needs to Be Done? /

This paper examines a range of issues relating to bond markets in the ASEAN5 (Indonesia, Malaysia, Philippines, Singapore and Thailand) - physical infrastructure including trading, clearing and settlement; regulation, supervision and legal underpinnings; and derivatives markets - and finds that the...

Volledige beschrijving

Bibliografische gegevens
Hoofdauteur: Gray, Simon
Andere auteurs: Carvajal, Ana, Felman, Joshua, Jobst, Andreas
Formaat: Tijdschrift
Taal:English
Gepubliceerd in: Washington, D.C. : International Monetary Fund, 2011.
Reeks:IMF Working Papers; Working Paper ; No. 2011/135
Online toegang:Full text available on IMF
LEADER 01985cas a2200277 a 4500
001 AALejournalIMF007228
008 230101c9999 xx r poo 0 0eng d
020 |c 5.00 USD 
020 |z 9781455259403 
022 |a 1018-5941 
040 |a BD-DhAAL  |c BD-DhAAL 
100 1 |a Gray, Simon. 
245 1 0 |a Developing Asean5 Bond Markets :   |b What Still Needs to Be Done? /  |c Simon Gray, Andreas Jobst, Joshua Felman, Ana Carvajal. 
264 1 |a Washington, D.C. :  |b International Monetary Fund,  |c 2011. 
300 |a 1 online resource (34 pages) 
490 1 |a IMF Working Papers 
500 |a <strong>Off-Campus Access:</strong> No User ID or Password Required 
500 |a <strong>On-Campus Access:</strong> No User ID or Password Required 
506 |a Electronic access restricted to authorized BRAC University faculty, staff and students 
520 3 |a This paper examines a range of issues relating to bond markets in the ASEAN5 (Indonesia, Malaysia, Philippines, Singapore and Thailand) - physical infrastructure including trading, clearing and settlement; regulation, supervision and legal underpinnings; and derivatives markets - and finds that the frameworks compare well with other Emerging Markets, following a decade of reform. A number of areas where further enhancements could be made are highlighted. The paper also examines the interrelationship between central bank management of short-term interest rates and domestic currency liquidity, and development of the wider money and bond markets; and suggests some lessons from the recent crisis in developed country financial markets which may be important for the future development of the ASEAN5 markets. 
538 |a Mode of access: Internet 
700 1 |a Carvajal, Ana. 
700 1 |a Felman, Joshua. 
700 1 |a Jobst, Andreas. 
830 0 |a IMF Working Papers; Working Paper ;  |v No. 2011/135 
856 4 0 |z Full text available on IMF  |u http://elibrary.imf.org/view/journals/001/2011/135/001.2011.issue-135-en.xml  |z IMF e-Library